[Event "Ciutat Barcelona CAT-ARG 2018"]
[Site "Barcelona"]
[Date "2018.10.09"]
[Round "2"]
[White "Asis Gargatagli, Hipolito"]
[Black "Peralta, Fernando"]
[Result "1/2-1/2"]
[WhiteElo "2526"]
[BlackElo "2582"]
[Annotator "TA"]
[PlyCount "69"]
[EventDate "2018.10.07"]
[EventCountry "ESP"]
[SourceTitle "playchess.com"]
[Source "ChessBase"]
[SourceQuality "1"]

{[%evp 24,69,0,0,9,14,25,0,0,-4,0,0,0,0,10,15,10,16,18,20,14,22,49,8,6,-2,0,0,0,-36,-36,-36,-36,-35,-34,-76,-78,-75,-18,-31,36,33,30,37,100,82,143,132]} 1. e4 c6 2. d4 d5 3. Nd2 dxe4 4. Nxe4 Bf5 5. Ng3 Bg6 6. N1e2 Nf6 7. c3 e6 8. Nf4 Bd6 9. h4 {B18: Caro-Kann (Hauptvariante)} Bxf4 10. Bxf4 h6 11. h5 (11. a4 O-O 12. a5 Nd5 13. Bd2 Nd7 14. c4 N5f6 15. h5 Bh7 16. Bc3 c5 {1-0 (68) Ivanchuk,V (2726)-Artemiev,V (2691) Huaian 2017}) 11... Bh7 12. Qb3 Qe7 13. Be2 {LiveBook: 25 Partien} O-O 14. O-O Nd5 (14... a5 15. c4 a4 16. Qc3 {½-½ (28) Asis Gargatagli,H (2462)-Peralta,F (2612) Navalmoral 2012}) 15. Bd2 {c4 ist eine echte Drohung.} a5 16. a4 Nd7 {[#]} 17. Rfe1 $146 N7f6 18. Qa3 Qc7 19. c4 Nf4 20. Qf3 Nxe2+ 21. Rxe2 Qd8 22. Bc3 b5 23. axb5 (23. d5 $5) 23... cxb5 24. cxb5 Nd5 25. Re5 a4 26. Ra3 Qd7 {[%mdl 1024] Schwarz hat Kompensation.} 27. Nf1 Bc2 {[%cal Bh7c2,Bc2b3,Bb3d5][%mdl 32]} 28. Ne3 Bb3 29. Bd2 f6 30. Re4 f5 (30... Rab8 $17 31. Rh4 Rxb5) 31. Re5 $11 f4 (31... Qxb5 $15 32. Rxe6 Nxe3 33. Rxe3 Rae8) 32. Nxd5 $14 Bxd5 33. Qg4 {Und weiter mit b6 wäre nett.} Qf7 ({Besser ist} 33... f3 $14) 34. b6 f3 (34... Rfb8 $142) 35. g3 {Precision: Weiß = 74%, Schwarz = 44%.} 1/2-1/2

[Event "Ciutat Barcelona CAT-ARG 2018"]
[Site "Barcelona"]
[Date "2018.10.09"]
[Round "2"]
[White "Krysa, Leandro"]
[Black "Lopez Martinez, Josep Manuel"]
[Result "0-1"]
[WhiteElo "2503"]
[BlackElo "2581"]
[Annotator "TA"]
[PlyCount "114"]
[EventDate "2018.10.07"]
[EventCountry "ESP"]
[SourceTitle "playchess.com"]
[Source "ChessBase"]
[SourceQuality "1"]

{[%evp 9,114,4,22,10,12,0,8,-14,16,16,22,19,22,-6,25,0,23,0,0,14,32,22,38,35,35,34,56,40,79,40,56,36,29,18,38,21,41,37,82,64,54,0,0,0,0,0,0,0,0,0,22,0,0,0,0,0,0,0,0,0,0,-63,-40,-40,-50,-57,-63,-91,-86,-93,-85,-129,-133,-125,-69,-89,-97,-98,-82,-99,-30,-95,-102,-101,-98,-334,-289,-300,-295,-240,-257,-625,-417,-572,-637,-587,-239,-568,-554,-715,-717,-12841,-12842,-12848,-12848,-12849,-12849]} 1. d4 Nf6 2. c4 e6 3. Nf3 b6 4. g3 Ba6 5. Qb3 c6 6. Nc3 {E15: Queen's Indian: 4 g3 sidelines, 4 g3 Ba6 and 4 g3 Bb7 early deviations} Be7 (6... d5 7. cxd5 cxd5 8. Ne5 Be7 9. Bg2 O-O 10. O-O Bb7 11. Rd1 Nc6 12. Bf4 Na5 13. Qc2 Rc8 {½-½ (41) Anand,V (2817)-Sasikiran,K (2689) Bastia 2011}) 7. e4 {White wants to play e5.} d5 8. e5 $146 {The position is equal.} ({Predecessor:} 8. cxd5 Bxf1 9. Kxf1 cxd5 10. e5 Nfd7 11. Bd2 Nc6 12. Ne2 Na5 13. Qd3 Nc4 {1-0 (37) Barlov,D (2500)-Pogorelov,R (2415) Las Palmas 1994}) 8... dxc4 9. Bxc4 Nd5 10. O-O O-O 11. Ne4 c5 12. dxc5 (12. Rd1 {looks sharper.} Bxc4 13. Qxc4 cxd4 14. Bg5 Nd7 15. Qxd4 Rc8 16. Bxe7 Qxe7 17. Rac1) 12... bxc5 13. Bg5 $36 {[%mdl 2048] White fights for an advantage.} Bxc4 14. Qxc4 Nd7 15. Bxe7 Qxe7 16. Rac1 Rab8 17. Qe2 Rb6 18. Rc4 Rb4 19. Rfc1 h6 20. a3 Rxc4 21. Qxc4 Rb8 22. Rc2 Rb6 23. h4 a6 24. h5 (24. Kg2 {feels hotter.} g6 25. Qa4 Qd8 26. Ned2 Qc7 27. Nc4) 24... Qf8 25. Nxc5 (25. Qa4 $14 Qc8 26. Nd6) 25... Nxc5 $11 26. Qxc5 Qxc5 27. Rxc5 Rxb2 $14 {[%mdl 4096] Endgame KRN-KRN} 28. Rc8+ Kh7 29. Rf8 Rb7 30. Nd4 g6 31. hxg6+ Kxg6 32. Kg2 Rb2 33. Rg8+ Kh7 34. Ra8 Ne3+ 35. Kg1 (35. Kf3 $11 Nd1 36. Rxa6) 35... Rb1+ $15 36. Kh2 Ng4+ 37. Kg2 Rb2 38. Rxa6 Rxf2+ 39. Kg1 Ra2 40. Ra7 Kg6 41. Nf3 Re2 (41... Ne3 $17 {Threatens to win with ...Rg2+.} 42. Kh1 Nf1) 42. Ra5 Re3 43. Kg2 Rc3 44. Nh4+ Kh5 (44... Kg7 $17 45. a4 Ne3+ 46. Kf2 h5) 45. Nf3 (45. Ra7 $11) 45... Rc2+ $17 46. Kg1 Ne3 47. Ra7 $2 {[#]} (47. Ra4 $17 {was forced.}) 47... Kg4 $19 48. Rxf7 Kxg3 49. Ne1 Re2 50. Nd3 $2 (50. Rf3+ Kg4 51. Rf6) 50... Ng4 51. Nc5 Rxe5 52. Nb3 Re1+ 53. Rf1 Re2 {[#] ( -> ...Nh2). Black is clearly winning.} 54. Rf8 e5 {aiming for ...h5.} 55. Kf1 Re3 56. Nd2 Nh2+ 57. Kg1 Re1+ {Precision: White = 35%, Black = 63%.} 0-1

[Event "Ciutat Barcelona CAT-ARG 2018"]
[Site "Barcelona"]
[Date "2018.10.10"]
[Round "3"]
[White "Mareco, Sandro"]
[Black "Asis Gargatagli, Hipolito"]
[Result "1-0"]
[WhiteElo "2653"]
[BlackElo "2526"]
[Annotator "TA"]
[PlyCount "67"]
[EventDate "2018.10.08"]
[EventCountry "ESP"]
[SourceTitle "playchess.com"]
[Source "ChessBase"]
[SourceQuality "1"]

{[%evp 9,67,17,31,36,39,24,24,35,35,34,37,14,40,45,50,0,5,2,31,22,18,4,35,0,0,7,14,0,0,0,33,15,21,0,0,0,30,13,25,18,18,31,24,20,22,7,22,28,29,20,29,25,172,184,169,103,117,116,116,113]} 1. e4 c5 2. Nf3 d6 3. Bb5+ Nd7 4. a4 {[%cal Ba2a4,Ba4a5][%mdl 32]} Ngf6 5. Nc3 g6 6. a5 {B51: Sicilian: Moscow Variation (3 Bb5+) without 3...Bd7} Bg7 7. O-O O-O 8. Re1 {White has an edge.} a6 9. Bc4 Ng4 10. d4 cxd4 11. Nxd4 Nge5 $146 ({Predecessor:} 11... Nde5 12. Bb3 Nc6 13. Nxc6 bxc6 {½-½ (50) Jones,G (2654)-Ter Sahakyan,S (2598) Minsk 2017}) 12. Bd5 e6 13. Ba2 Qh4 14. g3 Qe7 15. Be3 Nf6 16. f3 Bd7 17. Bb3 Rac8 18. Na4 Bxa4 19. Rxa4 Rc5 20. c3 Rfc8 21. Nc2 Rb5 22. Nd4 Rbc5 23. Qe2 d5 24. exd5 Nxd5 25. Bf2 h5 26. Kg2 $36 {[%mdl 2048] White is pushing.} Qd7 27. Ra2 R5c7 28. Raa1 Kh7 29. Red1 Nc4 30. Ra4 {[%cal Ra4c4]} Nxb2 (30... Nd6 $11 {and Black has nothing to worry.}) 31. Qxb2 $18 {Hoping for c4.} Rxc3 {[#]} 32. Raa1 (32. Qb1 $1 $18) 32... Ne3+ 33. Bxe3 $1 Rxe3 {[#]} 34. Qf2 $1 {Precision: White = 58%, Black = 70%.} 1-0

[Event "Ciutat Barcelona CAT-ARG 2018"]
[Site "Barcelona"]
[Date "2018.10.10"]
[Round "3"]
[White "Peralta, Fernando"]
[Black "Alonso Rosell, Alvar"]
[Result "1/2-1/2"]
[WhiteElo "2582"]
[BlackElo "2526"]
[Annotator "TA"]
[PlyCount "61"]
[EventDate "2018.10.08"]
[EventCountry "ESP"]
[SourceTitle "playchess.com"]
[Source "ChessBase"]
[SourceQuality "1"]

{[%evp 19,61,28,33,33,33,32,32,26,37,31,29,29,35,16,59,22,16,8,0,0,0,0,0,0,0,0,0,0,19,6,15,13,0,0,37,43,60,0,0,0,0,8,7,4]} 1. d4 d5 2. c4 e6 3. Nc3 a6 4. cxd5 exd5 5. Nf3 Nf6 6. Bg5 {D37: Damengambit (5.Lf4)} Be6 7. e3 Nbd7 8. h3 (8. Bd3 h6 9. Bf4 g5 10. Bg3 Nh5 11. Be5 Nhf6 12. Bg3 Nh5 13. Qb3 Nxg3 14. hxg3 {½-½ (48) Karjakin,S (2773)-Caruana,F (2822) Saint Louis 2018}) 8... Bd6 9. Bd3 c6 10. Bf4 Qc7 {LiveBook: 3 Partien} 11. Bxd6 Qxd6 12. O-O O-O 13. a3 $146 ({Vorgänger:} 13. Rc1 Rfe8 {½-½ (57) Girya,O (2489)-Harika,D (2497) Wijk aan Zee 2018}) 13... Rfe8 14. Qc2 h6 15. Rac1 Rac8 16. Na4 Re7 17. Nc5 Nxc5 18. dxc5 Qc7 19. Nd4 Bd7 20. Rfe1 Rce8 21. b4 Re5 22. a4 Ne4 23. f3 Nf6 24. Qd2 R5e7 25. b5 axb5 26. axb5 cxb5 (26... g6 {is more complex.} 27. bxc6 Bxc6 28. Bb5 Nd7 29. Bxc6 bxc6 30. Ra1 Qb7) 27. Bxb5 Ra8 28. c6 (28. Bxd7 $14 Rxd7 29. c6 bxc6 30. Rxc6) 28... bxc6 $11 {Die Stellung ist ausgeglichen.} 29. Bxc6 Bxc6 30. Rxc6 Qe5 31. Rc3 {Precision: Weiß = 84%, Schwarz = 83%.} 1/2-1/2

[Event "Ciutat Barcelona CAT-ARG 2018"]
[Site "Barcelona"]
[Date "2018.10.10"]
[Round "3"]
[White "Lopez Martinez, Josep Manuel"]
[Black "Perez Ponsa, Federico"]
[Result "1/2-1/2"]
[WhiteElo "2581"]
[BlackElo "2554"]
[Annotator "TA"]
[PlyCount "111"]
[EventDate "2018.10.08"]
[EventCountry "ESP"]
[SourceTitle "playchess.com"]
[Source "ChessBase"]
[SourceQuality "1"]

{[%evp 13,111,37,55,28,53,44,43,36,39,31,31,25,64,61,85,83,86,81,92,92,92,15,95,91,94,91,97,103,111,90,98,87,81,95,87,52,76,75,64,61,98,64,65,37,58,25,46,44,72,32,42,0,0,-9,0,-9,-9,-14,-14,-14,0,0,0,0,0,-34,-35,-63,-54,-43,-48,-64,0,0,0,0,0,0,0,0,0,0,0,0,0,0,0,0,0,0,0,0,0,0,0,0,0,0,0,0]} 1. d4 Nf6 2. c4 g6 3. Nc3 Bg7 4. e4 d6 5. Nf3 O-O 6. h3 c5 7. Be3 Na6 8. d5 {E90: King's Indian: Classical: Early deviations and 6 h3} e6 9. dxe6 Bxe6 10. Qd2 $146 {White is slightly better.} ({Predecessor:} 10. Be2 Qb6 11. Rb1 Rfe8 12. O-O Bd7 13. Nd2 Nb4 14. a3 Nc6 15. b4 Rad8 {1-0 (47) Karpov,A (2616)-Ivanchuk,V (2771) Cap d'Agde 2012}) 10... Re8 11. Bd3 Nb4 12. O-O Nd7 13. Be2 Nb6 14. b3 Qe7 15. Rad1 Rad8 16. Nb5 {[%cal Rb5d6]} Nc8 17. Bf4 (17. Rfe1 $16) 17... Bf8 (17... d5 $1 $11 {remains equal.} 18. exd5 Bxd5) 18. Rfe1 $16 Nc6 19. Nc3 Bg7 20. Bg5 Bf6 21. Bh6 a6 22. Bf1 Nd4 23. Nxd4 Bxd4 24. Ne2 Bg7 25. Bxg7 Kxg7 26. Nc3 Qf6 27. f4 Ne7 {[%cal Bc8e7,Be7c6,Bc6d4][%mdl 32]} 28. Bd3 Nc6 29. Kh1 (29. f5 $5) 29... Nd4 30. Rf1 Bd7 31. Nd5 Qh4 $1 32. Kh2 (32. f5 $5 {[%cal Rf1f4]}) 32... Bc6 33. g3 Qh5 34. Qf2 f5 35. Rde1 $1 Bxd5 36. cxd5 fxe4 37. Bxe4 Kh8 38. g4 Qh6 39. h4 Re7 {And now ...Rde8 would win.} 40. Kg3 Rde8 41. Bd3 Qg7 42. b4 cxb4 (42... b6 $1 $15) 43. Rxe7 $11 {The position is equal.} Rxe7 44. Re1 Nb5 45. Rxe7 Qxe7 46. Bxb5 axb5 {[%mdl 4096] Endgame KQ-KQ} 47. Kf3 Kg8 48. Qe3 Qxh4 49. Qe6+ Kg7 50. Qd7+ Kg8 51. Qxd6 Qh1+ 52. Kf2 {Strongly threatening Qb8+.} Qh2+ 53. Kf3 Qh1+ 54. Ke2 {Qd8+ is the strong threat.} Qg2+ 55. Ke3 Qg1+ 56. Kf3 {Precision: White = 57%, Black = 75%.} 1/2-1/2

[Event "Ciutat Barcelona CAT-ARG 2018"]
[Site "Barcelona"]
[Date "2018.10.10"]
[Round "3"]
[White "Krysa, Leandro"]
[Black "Guerra Mendez, Jose Angel"]
[Result "1/2-1/2"]
[WhiteElo "2503"]
[BlackElo "2534"]
[Annotator "TA"]
[PlyCount "56"]
[EventDate "2018.10.08"]
[EventCountry "ESP"]
[SourceTitle "playchess.com"]
[Source "ChessBase"]
[SourceQuality "1"]

{[%evp 15,56,26,36,7,25,16,22,7,48,32,38,37,37,14,60,62,65,52,117,97,73,43,32,15,54,45,41,53,57,33,41,13,17,0,43,0,29,0,34,0,12,0,63]} 1. d4 Nf6 2. c4 g6 3. Nf3 Bg7 4. g3 O-O 5. Bg2 d6 6. O-O Nc6 7. Nc3 Bg4 8. Be3 Qd7 9. Qa4 {E62: King's Indian: Fianchetto: 6...c6 and Panno Variation (6...Nc6) without ...a6} a5 $146 ({Predecessor:} 9... Bxf3 10. exf3 e5 11. d5 Nd4 12. Qxd7 Nxd7 13. Rac1 Nf5 14. Bd2 Bh6 15. Rfd1 Bxd2 16. Rxd2 Ne7 {½-½ (60) Bruzon Batista,L (2707)-Obregon Rivero,J (2501) Havana 2013}) 10. Rac1 Bf5 11. Rfd1 Nb4 12. Qxd7 Bxd7 13. h3 Rab8 14. g4 {[%cal Bg3g4,Bg4g5][%mdl 32]} c6 15. Bf4 Rbd8 16. Bh2 Bc8 (16... h5 $14) 17. Nd2 $16 h5 18. g5 Nh7 19. Nf3 Rfe8 20. a3 Na6 21. e3 Bf5 22. Ne2 Rc8 23. Ng3 Be6 24. Ne2 Bf5 25. Ng3 Be6 26. Ne2 Bf5 27. Ng3 Bd7 28. Ne2 b5 {Precision: White = 47%, Black = 43%.} (28... Bf5 $11) 1/2-1/2

[Event "Ciutat Barcelona CAT-ARG 2018"]
[Site "Barcelona"]
[Date "2018.10.10"]
[Round "3"]
[White "Diaz Camallonga, Carles"]
[Black "Pichot, Alan"]
[Result "0-1"]
[WhiteElo "2444"]
[BlackElo "2556"]
[Annotator "TA"]
[PlyCount "74"]
[EventDate "2018.10.08"]
[EventCountry "ESP"]
[SourceTitle "playchess.com"]
[Source "ChessBase"]
[SourceQuality "1"]

{[%evp 27,74,0,0,-9,-12,-14,-16,-21,-10,-52,-58,-62,-68,-66,-53,-95,-88,-114,-101,-102,-99,-105,-110,-220,-225,-215,-193,-208,-131,-119,-118,-121,-115,-155,-162,-135,-116,-225,-148,-204,-170,-196,-186,-173,-161,-175,-180,-1459,-1289]} 1. e4 c5 2. Nf3 e6 3. d4 cxd4 4. Nxd4 Nc6 5. Nb5 d6 6. c4 Nf6 7. N1c3 a6 8. Na3 Be7 9. Be2 O-O 10. O-O b6 11. Be3 Bb7 12. Qb3 Ne5 13. f3 Ned7 14. Rfd1 Re8 {LiveBook: 5 Games. B44: Sicilian: Taimanov: 5 Nb5} 15. Kh1 $146 ({Predecessor:} 15. Rac1 Rc8 16. Rd2 d5 17. e5 dxc4 18. Bxc4 Nd5 19. Bxd5 Bxd5 20. Qd1 Bxa3 21. bxa3 Nxe5 22. Nxd5 Rxc1 23. Qxc1 exd5 {0-1 (67) Kasparov,S (2485)-Van Foreest,J (2547) Groningen 2015}) 15... d5 16. e5 Nxe5 {...Ned7 is the strong threat.The position is equal.} 17. Bxb6 Qb8 18. Bd4 Nc6 19. Bg1 {[%cal Rc4d5] [#]} d4 $1 {[%cal Rd4c3][%mdl 512]} 20. Na4 $1 (20. Bxd4 Nxd4) 20... Nd7 21. Bxd4 Nxd4 22. Rxd4 Bc6 23. Rad1 Qe5 {[%mdl 1024] Black has strong compensation.} 24. Nc3 Bc5 25. Rh4 (25. R4d2 $17) 25... Nf6 26. Qc2 h5 27. Rf1 Qg5 28. Rh3 Red8 {[%cal Be8d8,Bd8d4,Bd4f4][%mdl 32] White must now prevent ...Rd2.} 29. Nab1 Rd4 30. Rg3 Qe5 31. Qc1 Rf4 32. Bd3 (32. Nd2 $17 {was necessary.}) 32... Be3 33. Qc2 (33. Qd1 $17 {keeps fighting.}) 33... Rh4 {( -> ...Qxg3)} 34. Rh3 Rxh3 $40 {[%mdl 128] Black attacks with force.} 35. gxh3 Rd8 36. Qe2 Qf4 {aiming for ...Rxd3!} 37. Na3 $2 {[#]} (37. Bc2) 37... Rxd3 $1 {[%mdl 512] Precision: White = 31%, Black = 86%.} 0-1

[Event "Ciutat Barcelona CAT-ARG 2018"]
[Site "Barcelona"]
[Date "2018.10.11"]
[Round "4"]
[White "Pichot, Alan"]
[Black "Lopez Martinez, Josep Manuel"]
[Result "1/2-1/2"]
[WhiteElo "2556"]
[BlackElo "2581"]
[Annotator "TA"]
[PlyCount "111"]
[EventDate "2018.10.08"]
[EventCountry "ESP"]
[SourceTitle "playchess.com"]
[Source "ChessBase"]
[SourceQuality "1"]

{[%evp 19,111,14,14,12,13,17,27,0,0,0,28,26,21,0,7,0,0,2,14,8,19,18,36,26,79,52,75,62,91,78,157,140,255,257,245,241,245,241,236,245,584,548,802,783,775,736,765,759,930,906,927,915,877,844,844,816,752,737,814,813,1092,1062,1165,1213,1097,545,541,503,500,477,465,449,356,357,568,568,716,702,714,437,717,698,692,670,1181,1106,2584,2257,1842,1058,1638,0,838,0]} 1. e4 e5 2. Nf3 Nc6 3. Bb5 Nf6 4. d3 {[%cal Bd2d3,Bd3d4][%mdl 32]} Bc5 5. c3 O-O 6. Bxc6 {C65: Ruy Lopez: Berlin Defence (3...Nf6), unusual lines and 4 0-0 Bc5} bxc6 7. Nxe5 d5 8. d4 Bb6 9. O-O Nxe4 10. Nxc6 Qd6 {LiveBook: 6 Games} 11. Nb4 c5 12. dxc5 Bxc5 13. Be3 {[#]} Bxe3 $146 ({Predecessor:} 13... Bxb4 14. cxb4 {½-½ (32) Kurnosov,I (2676)-Malakhov,V (2712) Moscow 2010}) 14. fxe3 Nf6 15. Qd4 a5 16. Nc2 {[%cal Bb4c2,Bc2e1,Be1d3,Bd3e5][%mdl 32]} Re8 17. Nd2 Ng4 {[%csl Gg4][%cal Rd6h2]} 18. Rf4 Qg6 19. Rc1 Bf5 20. Rcf1 {[%cal Bc1f1,Bf1f3,Bf3f5][%mdl 32]} Be6 21. Ne1 Rab8 (21... Nh6 $11 {keeps the balance.}) 22. b3 (22. h3 Nf6 $11) 22... Rbc8 23. R1f3 f5 24. Nd3 $36 {[%mdl 2048] White is in control.} Qh5 (24... Rc7 $142) 25. h3 $16 g5 (25... Nf6 $16) 26. Rxf5 $18 (26. hxg4 fxg4 27. Rg3 gxf4 $14) 26... Bxf5 27. Rxf5 ({Inferior is} 27. hxg4 Qxg4 28. Qxd5+ Be6 $11) 27... Nxe3 28. Rf3 {Black must now prevent Ne5.} Qg6 29. Ne5 (29. Rxe3 Rxe3 30. Qxe3 Rxc3 $15) 29... Nc2 $2 {[#]} (29... Rxe5 {is tougher.} 30. Qxe5 Re8) 30. Rf8+ $1 {[%mdl 512]} Rxf8 31. Qxd5+ Kg7 32. Nxg6 hxg6 33. Qe4 Rce8 34. Qxc2 Re1+ 35. Kh2 Re2 36. Qd1 Rff2 {[#]} 37. Nf3 $1 Rxg2+ (37... Rxf3 38. Qxe2) 38. Kh1 Rgf2 39. c4 {[%cal Bc3c4,Bc4c5,Bc5c6][%mdl 32]} Rxa2 40. c5 Kh6 41. c6 Rac2 42. Qd8 (42. Ne5 $142) 42... Rf1+ 43. Ng1 {[%cal Rd8h8]} Kg7 44. c7 Rfc1 45. Qxg5 ({Weaker is} 45. Qe7+ Kh6 $18) 45... Rxc7 46. Qxa5 R7c2 (46... Kh7 {keeps fighting.} 47. b4 Rd7) 47. Qe5+ Kh7 48. Qe7+ Kh6 49. h4 Rc7 (49... Rf1 $142 50. b4 Rcc1 51. Qe3+ Kg7) 50. Qf6 Kh7 51. Qf4 R7c2 52. b4 Rc4 53. Qf7+ Kh6 54. Qf6 {[%cal Rf6h8]} Kh7 55. Qf7+ Kh6 56. Qf6 $2 {Precision: White = 73%, Black = 30%.} ({Better is} 56. Qf8+ $18 Kh7 57. Qe7+ Kh6 58. b5) 1/2-1/2

[Event "Ciutat Barcelona CAT-ARG 2018"]
[Site "Barcelona"]
[Date "2018.10.11"]
[Round "4"]
[White "Perez Ponsa, Federico"]
[Black "Guerra Mendez, Jose Angel"]
[Result "1/2-1/2"]
[WhiteElo "2554"]
[BlackElo "2534"]
[Annotator "TA"]
[PlyCount "169"]
[EventDate "2018.10.08"]
[EventCountry "ESP"]
[SourceTitle "playchess.com"]
[Source "ChessBase"]
[SourceQuality "1"]

{[%evp 18,168,31,41,54,56,52,55,65,42,70,75,89,75,58,61,64,80,151,140,134,131,145,106,154,90,110,83,172,108,122,144,160,124,192,122,138,128,130,129,131,85,79,84,84,79,91,89,65,68,87,87,77,77,77,83,213,211,218,83,83,87,87,87,87,87,91,91,91,83,91,83,91,83,91,83,91,91,91,91,91,91,91,91,91,91,91,91,91,91,91,91,91,91,91,91,91,91,91,91,91,91,91,91,91,91,91,91,91,91,91,91,91,91,91,91,91,91,91,91,91,84,84,84,84,8,84,84,84,84,84,84,84,68,84,0,84,84,84,84,84,70,79,84,84,84,84,86,86,0,0,174,0]} 1. e4 e5 2. Nf3 Nc6 3. Bb5 a6 4. Ba4 Nf6 5. O-O Be7 6. Re1 b5 7. Bb3 d6 8. c3 O-O 9. h3 Na5 10. Bc2 d5 {C96: Closed Ruy Lopez: Chigorin Defence: 11 d4, replies other than 11...Qc7} (10... c5 11. d4 Nd7 12. d5 Nb6 13. Nbd2 Bd7 14. Nf1 Nb7 15. b3 a5 16. Rb1 c4 17. bxc4 Nxc4 18. a4 Qc7 19. axb5 Nb6 20. Be3 {0-1 (58) Hou,Y (2680)-Caruana,F (2811) Wijk aan Zee 2018}) 11. d4 Nxe4 12. Nxe5 f6 {White is slightly better.} 13. Nd3 Bd6 14. Nd2 f5 15. Nf3 Nc4 16. a4 Bb7 {[#]} 17. Re2 $146 ({Predecessor:} 17. Nde5 b4 18. cxb4 Bxb4 {0-1 (62) Obregon,C (2514)-Becerra Rivero,J (2531) chess.com INT 2018}) 17... f4 (17... c6 $142) 18. Qe1 $1 $16 bxa4 19. Rxa4 a5 20. Ra1 Nb6 21. b3 (21. Nfe5 $142) 21... Nd7 22. c4 {Hoping for c5.} c6 (22... c5 $16 {might work better.}) 23. Ba3 (23. h4 $18) 23... Bxa3 24. Rxa3 Qc7 25. Bb1 Ndf6 (25... c5 $16 {was worth a try.}) 26. Rea2 (26. Qc1 $18) 26... c5 27. dxc5 {[%cal Ra3a5]} dxc4 28. bxc4 {[%cal Ra3a5]} Nxc5 29. Nxc5 Qxc5 30. Rxa5 Qxc4 31. Ne5 Qc7 32. Rxa8 Bxa8 33. Rc2 Qe7 34. Ba2+ Bd5 35. Bxd5+ Nxd5 36. Qe4 Rd8 (36... Nb6 $16) 37. Rd2 $18 Qe6 38. Qxf4 (38. f3 $1 $18 {is the precise move to win.}) 38... Re8 $16 39. Qc4 Qxe5 40. Rxd5 {[%mdl 4096] Endgame KQR-KQR} Qe1+ 41. Kh2 {Threatening mate with Re5+.} Kh8 42. Qd4 h6 43. f3 Qe3 44. Qg4 Qe6 45. Qc4 Qf7 46. Qd4 Rf8 47. h4 Qf4+ 48. Qxf4 Rxf4 {KR-KR} 49. h5 Kg8 50. Kg3 Ra4 51. f4 Kf7 52. Kg4 Ke6 53. Rb5 Ra6 54. g3 Rc6 55. Ra5 Rb6 56. Kh4 Kf6 57. Ra8 Rc6 58. Rf8+ Ke7 59. Rf5 Ke6 60. Kg4 (60. g4 {seems wilder.} Rc3 61. Rb5 Rc4 62. Re5+ Kf7 63. Kg3) 60... Ra6 61. Re5+ Kf6 62. Re3 Rb6 63. Rc3 Ra6 64. Kh4 Rb6 65. Rc4 Ra6 66. g4 Ra1 67. Rc6+ Kf7 68. Rc7+ Kf8 69. g5 hxg5+ 70. fxg5 Ra4+ {[#]} 71. Kg3 (71. Kh3 $1 $16) 71... Rb4 (71... Kg8 $1 $11 {remains equal.}) 72. Rd7 Ra4 73. g6 Ra3+ 74. Kf4 Rh3 75. Kf5 Rh1 {[#]} 76. Rd4 ({White has to play} 76. Rf7+ $1 $16 Kg8 77. Ra7 Rf1+ 78. Ke4 Re1+ 79. Kf5 Rf1+ 80. Ke5) 76... Rf1+ (76... Ke7 $1 $11 {keeps the balance.}) 77. Ke6 {[%cal Rd4d8]} Kg8 78. Ke7 {White threatens Rd8+ and mate.} Rf8 79. Rd8 Rxd8 80. Kxd8 $14 {Strongly threatening Ke8. KPP-KP} Kh8 81. Ke8 {Kd8 is the strong threat.} Kg8 82. Ke7 Kh8 83. h6 ({White should play} 83. Ke6 $16 {Black must now prevent Kd7.} Kg8 84. Ke7) 83... Kg8 $11 84. h7+ Kh8 85. Ke6 $4 {[%mdl 8192] Precision: White = 65%, Black = 55%.} (85. Kf7) 1/2-1/2

[Event "Ciutat Barcelona CAT-ARG 2018"]
[Site "Barcelona"]
[Date "2018.10.11"]
[Round "4"]
[White "Alonso Rosell, Alvar"]
[Black "Mareco, Sandro"]
[Result "1/2-1/2"]
[WhiteElo "2526"]
[BlackElo "2653"]
[Annotator "TA"]
[PlyCount "103"]
[EventDate "2018.10.08"]
[EventCountry "ESP"]
[SourceTitle "playchess.com"]
[Source "ChessBase"]
[SourceQuality "1"]

{[%evp 15,103,-2,0,0,-6,-2,-11,-32,0,0,0,0,0,0,0,-8,0,0,0,0,0,0,0,0,0,-7,0,-10,0,0,0,0,0,0,14,14,14,15,15,22,23,22,23,14,24,14,14,14,16,6,14,14,14,16,27,11,12,5,5,5,5,5,5,5,19,12,48,48,48,48,58,58,58,58,58,58,58,58,58,58,58,58,58,0,58,0,58,0,58,0]} 1. d4 d5 2. c4 c6 3. Nf3 Nf6 4. Nc3 e6 5. cxd5 exd5 6. Bg5 h6 7. Bh4 Bf5 8. e3 Nbd7 9. Bd3 {D35: Queen's Gambit Declined: Exchange Variation} Bxd3 10. Qxd3 Bd6 11. Bg3 {The position is equal.} (11. O-O O-O 12. Rab1 a5 13. Qc2 Re8 14. Rfe1 Qc8 15. Bg3 Bxg3 16. hxg3 Ne4 17. Nxe4 dxe4 18. Nd2 Nf6 19. b4 axb4 20. Rxb4 {½-½ (32) Arkell,K (2505)-Adams,M (2742) Douglas 2015}) 11... Qe7 12. Bxd6 Qxd6 13. h3 $146 ({Predecessor:} 13. a3 a5 14. O-O O-O 15. h3 Rfe8 {½-½ (36) Dgebuadze,A (2519)-Docx,S (2444) Charleroi 2018}) 13... O-O 14. O-O Rfe8 15. Qc2 a5 16. Rac1 Re6 17. Nd2 Nb6 18. Ne2 {[%cal Bc3e2,Be2f4,Bf4d3][%mdl 32]} Ne4 19. Nxe4 Rxe4 20. Nf4 Re7 21. Nd3 Nd7 22. a4 Qc7 23. Rb1 Nb6 24. Ne5 Nd7 25. Nxd7 Rxd7 26. b4 axb4 27. Rxb4 Qd8 28. Rfb1 Ra7 29. Qf5 Re7 30. Qf4 Re4 31. Qg3 Re7 32. Rb6 Rd7 33. Qe5 Re7 34. Qf4 Qc7 35. Qxc7 Rxc7 36. a5 Rxa5 37. Rxb7 Rxb7 38. Rxb7 $11 {[%mdl 4096] Endgame KR-KR} Ra1+ 39. Kh2 g6 40. g4 Kg7 41. h4 {[%cal Bh3h4,Bh4h5][%mdl 32]} Rc1 42. Rc7 g5 43. h5 Rc2 44. Kg3 Rc3 45. Kg2 Rc2 46. Kf1 Kf8 47. Ke1 Kg7 48. Rc8 Kf6 49. Rc7 Kg7 50. Rc8 Kf6 51. Rc7 Kg7 52. Rc8 {Precision: White = 58%, Black = 69%.} ({White should play} 52. Rd7 $14) 1/2-1/2